LEADER 00900nam a2200229 i 4500 001 000000189518 003 CaOOAMICUS 005 20100510000000.0 008 100510s1924 it u000 u ita u 013 $a167792 040 $aSeMil$bita 100 1 $aMignosi, Pietro,$d<1895-1937>.$0(OLS)http://semarc/name/5967 245 12$aI limiti della religiosità /$cPietro Mignosi. 260 $aRoma :$bRivista Bilychnis,$c1924. 300 $a49 p. ;$c25 cm. 490 0 $aQuaderni di Bilychnis ;$vN.19. 650 4$aReligiosità.$0(OLS)http://semarc/subject/5990 830 0$aQuaderni di Bilychnis ;$vN.19.$0(OLS)http://semarc/title/31031 850 $aSeMil 852 $aSeMil$W1$xVenegono$y1$m2X V 85$j140149$B140149$CSeMilBibl$Z2$F151752 $81 996 $6245$aI limiti della religiosità$9(OLS)http://semarc/title/272850 996 $6260$aRoma :$bRivista Bilychnis$9(OLS)http://semarc/publisher/35844 LEADER 01008nam a2200265 i 4500 001 000000051738 003 CaOOAMICUS 005 20190509110442.0 008 150902s1948 it u000 u ita u 013 $a22910 040 $aSeMil$bita 100 1 $aMounier, Emmanuel,$d<1905-1950>.$0(OLS)http://semarc/name/1147 240 10$aQu'est-ce que le personnalisme?.$0(OLS)http://semarc/title/79309 245 10$aChe cos'è il personalismo? /$cEmmanuel Mounier. 260 $aTorino :$bGiulio Einaudi,$c1948. 300 $a117 p. ;$c22 cm. 490 0 $aSaggi ;$v105 650 4$aPersonalismo.$0(OLS)http://semarc/subject/7982 830 0$aSaggi ;$v105.$0(OLS)http://semarc/title/341 850 $aSeMil 852 $aSeMil$W1$xVenegono$y1$m3N V 271$j17893$B17893$CSeMilBibl$Z2$F17894 $81 961 $aOmaggio: Donazione 996 $6245$aChe cos'è il personalismo?$9(OLS)http://semarc/title/79308 996 $6260$aTorino :$bGiulio Einaudi$9(OLS)http://semarc/publisher/29810